000 00858nam a2200217Ia 4500
003 GCL
008 140319s9999 xx 000 0 ara d
040 _aGCL /
_cGCL
082 0 4 _aق
_b726.2
_bم م
100 1 _aجاب الله على جاب الله
245 1 0 _aمشروع ترميم مسجد عبد القادر الدشطوطى :
_bأثر رقم ((12 ))924هـ - 1518م /
_cجاب الله على جاب الله
700 1 _aالمجلس الاعلى للاثار
260 _aالقاهرة :
_bالمجلس الاعلى للاثار ،
_c2001
300 _aمتعدد ؛
_c30سم
650 0 4 _aالمساجد - مصر
650 0 4 _aمصر - الاثار الاسلامية
650 0 4 _aالمساجد - ترميم
650 0 4 _aالمساجد - عمارة
650 0 4 _aمسجد عبد القادر الدشطوطى
942 _2ddc
_cBK
999 _c57034
_d57034